| 000 | 01446nam a2200289 i 4500 | ||
|---|---|---|---|
| 001 | 154201 | ||
| 003 | ES-MaACL | ||
| 005 | 20250809020500.0 | ||
| 008 | 931025s1792 sp |||| | d | ||
| 040 |
_aCAM _bspa _cPAB |
||
| 130 | 0 |
_aFuero Juzgo. _9121670 |
|
| 245 | 1 | 0 |
_aLeyes del Fuero-Juzgo o Recopilación de las leyes de los wisi-godos españoles : titulada primeramente Liber Judicum, despues Forum Judicum, y ultimamente Fuero-Juzgo _b. Precede un Discurso preliminar, y una declaración de voces antiquadas / _cpor el Doctor D. Juan Antonio Llorente... |
| 250 | _aSegunda edicion del texto castellano, mejor que la primera... | ||
| 260 |
_aEn Madrid : _bpor don Isidoro de Hernandez Pacheco, _c1792. |
||
| 300 |
_a[6], 84, [2], 297, [6] p. ; _c4º. |
||
| 530 | _aDisponible en formato digital. | ||
| 595 | _aDatos de ed. preceden a explicación de tít. | ||
| 597 | _aSign.: [ ]7, B-K4, L3, A-Z4, 2A-2P4. | ||
| 597 | _aAntep. | ||
| 650 | 7 |
_aDerecho- _zEspaña _2 _9141531 |
|
| 651 | 7 |
_aEspaña- _xHistoria- _y0414-0711, Época visigoda _2 _9162046 |
|
| 700 | 1 |
_aLlorente, Juan Antonio. _972907 |
|
| 700 | 1 |
_aHernández Pacheco, Isidoro. _9127902 |
|
| 852 |
_aES-MaACL _jR-260 _z- Enc. pasta _z. - Ex-ibris man. del Lic. Fernández Prieto, Madrid 11 de febrero de 1794 _x- Olim: C-3463 |
||
| 856 |
_uhttp://bdh-rd.bne.es/viewer.vm?id=0000045997&page=1 _zBiblioteca Digital Hispánica |
||
| 999 |
_c154201 _d154201 |
||